Lengua y prácticas del lenguaje a /
Guardado en:
| Autor Principal: | |
|---|---|
| Otros Autores: | , , |
| Formato: | Libro |
| Publicado: |
Buenos Aires :
Aique,
2008
|
| Series: | Secundaria
|
| Materias: | |
| Etiquetas: |
Agregar Etiqueta
Sin Etiquetas, Sea el primero en etiquetar este registro!
|
| LEADER | 01023nam a22002655a 4500 | ||
|---|---|---|---|
| 001 | CEM.cems012874 | ||
| 005 | 20080519134857.0 | ||
| 008 | 130507s2008##################000#0#####d | ||
| 003 | CEMS | ||
| 020 | |a 9789870601319 | ||
| 082 | 0 | 4 | |a 468 |
| 100 | 1 | |a Oro Azuaga, Mercedes | |
| 245 | 1 | 0 | |a Lengua y prácticas del lenguaje a / |c Mercedes Oro Azuaga ... [et Al.] |
| 260 | |a Buenos Aires : |b Aique, |c 2008 | ||
| 300 | |a 192 p. | ||
| 490 | 0 | |a Secundaria | |
| 500 | |a Para Educación Secundaria Básica | ||
| 505 | 0 | |a El cuento maravilloso -- La divulgación científica -- El cuento realista -- La noticia -- El texto dramático -- La poesía lírica -- La novela -- La historieta -- El texto instructivo -- Paradigma de la conjugación verbal -- Prácticas del lenguaje -- Antología | |
| 653 | |a Lengua | ||
| 653 | |a Lengua-educación secundaria básica | ||
| 653 | |a Lengua-egb | ||
| 700 | 1 | |a Pizzi, Elsa | |
| 700 | 1 | |a Romano, Evelia | |
| 700 | 1 | |a Sánchez, Karina | |
| 859 | |a CEMS |b BIB. CEMS - 11 de abril |h 468 |i Or6 |p 25145.08 |t Ej.1 | ||
